[Event "CZE-ch U10 Girls"]
[Site "Kouty nad Desnou"]
[Date "2011.03.19"]
[Round "9"]
[White "Petraskova, Zuzana"]
[Black "Kopcova, Ludmila"]
[Result "0-1"]
[WhiteElo "1250"]
[BlackElo "1250"]
[PlyCount "82"]
[EventDate "2011.03.12"]
[EventType "swiss"]
[EventRounds "9"]
[EventCountry "CZE"]
[SourceTitle "EXT 2014"]
[Source "ChessBase"]
[SourceDate "2013.11.20"]
[SourceVersion "1"]
[SourceVersionDate "2013.11.20"]
[SourceQuality "1"]

1. d4 d5 2. c4 c6 3. Nf3 dxc4 4. e3 b5 5. Bd2 Bg4 6. Be2 Nf6 7. 0-0 e6 8. Ne5 Bxe2 9. Qxe2 Bd6 10. Rd1 0-0 11. Nc3 Bxe5 12. dxe5 Nd5 13. e4 Nxc3 14. Bxc3 Qg5 15. Bb4 Re8 16. Bc3 Na6 17. a4 Nc5 18. axb5 cxb5 19. Ra5 a6 20. Raa1 Nb3 21. Ra3 Rad8 22. Rxa6 Rxd1+ 23. Qxd1 Qc1 24. Qxc1 Nxc1 25. Kf1 Rd8 26. Rb6 Rd1+ 27. Be1 g6 28. Rxb5 Nd3 29. Rb8+ Kg7 30. g3 Rxe1+ 31. Kg2 Rb1 32. Rc8 Nxe5 33. Rc5 f6 34. Rc7+ Kh6 35. Re7 Rxb2 36. Rxe6 Ng4 37. e5 Rxf2+ 38. Kh3 Nxe5 39. Re7 c3 40. Rc7 c2 41. Rc3 Nd3 0-1

[Event "CZE-ch U10 Girls"]
[Site "Kouty nad Desnou"]
[Date "2011.03.18"]
[Round "8"]
[White "Petraskova, Zuzana"]
[Black "Kocourkova, Klara"]
[Result "1-0"]
[WhiteElo "1250"]
[BlackElo "1250"]
[PlyCount "71"]
[EventDate "2011.03.12"]
[EventType "swiss"]
[EventRounds "9"]
[EventCountry "CZE"]
[SourceTitle "EXT 2014"]
[Source "ChessBase"]
[SourceDate "2013.11.20"]
[SourceVersion "1"]
[SourceVersionDate "2013.11.20"]
[SourceQuality "1"]

1. e4 d5 2. exd5 Nf6 3. Nf3 Nxd5 4. c4 Nf6 5. d4 Nc6 6. Nc3 Bg4 7. Be2 e6 8. 0-0 Bd6 9. d5 Bxf3 10. Bxf3 Ne5 11. Re1 0-0 12. dxe6 fxe6 13. Bxb7 Rb8 14. Bf3 Qd7 15. Be2 Bc5 16. Qxd7 Nfxd7 17. Ne4 Rb4 18. Nxc5 Nxc5 19. b3 Rb6 20. Ba3 Rc6 21. Bh5 Ned3 22. Bf3 Ra6 23. Bxc5 Nxc5 24. Bg4 Nd3 25. Re2 Nc5 26. Rae1 Re8 27. Rb1 Rb6 28. Re3 Na4 29. Rbe1 Nc5 30. R3e2 Kf7 31. Re3 Ra6 32. Rf3+ Kg6 33. Bf5+ Kg5 34. Bxh7 Rxa2 35. Re5+ Kh6 36. Rh3# 1-0

[Event "CZE-ch U10 Girls"]
[Site "Kouty nad Desnou"]
[Date "2010.03.06"]
[Round "1"]
[White "Brunova, Blanka"]
[Black "Petraskova, Zuzana"]
[Result "1-0"]
[WhiteElo "1331"]
[BlackElo "1100"]
[PlyCount "79"]
[EventDate "2010.03.06"]
[EventType "swiss"]
[EventRounds "9"]
[EventCountry "CZE"]
[SourceTitle "EXT 2012"]
[Source "ChessBase"]
[SourceDate "2011.11.24"]
[SourceVersion "1"]
[SourceVersionDate "2011.11.24"]
[SourceQuality "1"]

1. e4 e6 2. d4 d5 3. Nc3 Bb4 4. exd5 exd5 5. Bd2 Nf6 6. Nf3 0-0 7. Be2 Re8 8. 0-0 Nc6 9. Bd3 Bg4 10. h3 Bxf3 11. Qxf3 Nxd4 12. Qg3 c6 13. a3 Bd6 14. Qh4 Rc8 15. Bg5 h6 16. Bxh6 gxh6 17. Qxd4 a6 18. Qh4 Kg7 19. f4 h5 20. Rf3 Bc5+ 21. Kh1 Kh8 22. Qg5 d4 23. Na4 Bf8 24. g4 hxg4 25. hxg4 Bg7 26. Bf5 Qd5 27. Kg2 Re3 28. Raf1 Rxf3 29. Rxf3 Re8 30. Kf2 b5 31. Nc5 Qxc5 32. Rh3+ Kg8 33. Bh7+ Nxh7 34. Qxc5 Re4 35. Qf5 Re3 36. Qxh7+ Kf8 37. Rxe3 dxe3+ 38. Kxe3 Bxb2 39. Qd3 c5 40. Qd6+ 1-0